Sports Quiz

Random Sports or Basketball Quiz

NBA 35-Point, 20-Rebound Games Quiz Stats

 Plays Quiz not verified by Sporcle

Challenge
Share
Tweet
Embed
Score 0/57 Timer 06:00
0 Plays Today
Team (Year) Player % Correct
LAL (2000)Shaquille O'Neal
99.5%
LAL (2003)Shaquille O'Neal
99.5%
ORL (1994)Shaquille O'Neal
99.5%
ORL (1993)Shaquille O'Neal
99.5%
LAL (2000)Shaquille O'Neal
99.5%
ORL (1994)Shaquille O'Neal
99.5%
LAL (2003)Shaquille O'Neal
99.5%
LAL (2000)Shaquille O'Neal
99.5%
ORL (1994)Shaquille O'Neal
99.5%
SA (2004)Tim Duncan
94.7%
SA (2001)Tim Duncan
94.7%
SA (2001)Tim Duncan
94.7%
SA (2003)Tim Duncan
94.7%
NY (1989)Patrick Ewing
94%
NY (1990)Patrick Ewing
94%
NY (1990)Patrick Ewing
94%
NY (1994)Patrick Ewing
94%
NY (1992)Patrick Ewing
94%
MIN (2003)Kevin Garnett
93.2%
SA (1992)David Robinson
91.4%
SA (1991)David Robinson
91.4%
HOU (1989)Hakeem Olajuwon
90.2%
HOU (1990)Hakeem Olajuwon
90.2%
HOU (1990)Hakeem Olajuwon
90.2%
HOU (1989)Hakeem Olajuwon
90.2%
SAC (2001)Chris Webber
87.2%
PHI (1988)Charles Barkley
85.1%
PHI (1990)Charles Barkley
85.1%
PHI (1987)Charles Barkley
85.1%
Team (Year) Player % Correct
PHI (1987)Charles Barkley
85.1%
PHI (1988)Charles Barkley
85.1%
PHI (1990)Charles Barkley
85.1%
PHX (1992)Charles Barkley
85.1%
PHI (1988)Charles Barkley
85.1%
PHX (1993)Charles Barkley
85.1%
PHX (1993)Charles Barkley
85.1%
UTA (1988)Karl Malone
83.5%
WAS (1987)Moses Malone
82.9%
WAS (1986)Moses Malone
82.9%
WAS (1986)Moses Malone
82.9%
ATL (1989)Moses Malone
82.9%
BOS (1987)Larry Bird
78.8%
LAC (2005)Elton Brand
76.2%
LAC (2004)Elton Brand
76.2%
CHA (1993)Alonzo Mourning
72.2%
NY (2008)David Lee
70.5%
MIN (2009)Al Jefferson
58.9%
DEN (1992)Dikembe Mutombo
58.6%
VAN (2000)Shareef Abdur-Rahim
40.5%
DEN (2000)Antonio McDyess
27.4%
ATL (1993)Kevin Willis
26%
MIA (1991)Rony Seikaly
18.8%
MIL (1996)Vin Baker
17.8%
GS (1987)Joe Barry Carroll
9.2%
NJ (1991)Sam Bowie
4.8%
GS (2000)Donyell Marshall
3.1%
LAC (1989)Ken Norman
2.4%

You're not logged in!

Compare scores with friends on all Sporcle quizzes.
Join for Free
OR
Log In

You Might Also Like...

Show Comments

Extras

Top Quizzes Today


Score Distribution

Your Account Isn't Verified!

In order to create a playlist on Sporcle, you need to verify the email address you used during registration. Go to your Sporcle Settings to finish the process.

Report this User

Report this user for behavior that violates our Community Guidelines.

Details: